Guess the Taylor Swift's song by the Bridge #6 - Statistics

General Stats
  • This quiz has been taken 2,481 times
    2,232 since last reset
  • The average score is 10 of 15
Answer Stats
Bridge Song % Correct
" Girl, there ain't no "I" in "team", nut you know there is a "(..)", strike the band up, one, two, three, I promise that you'll never find another like (..), girl, there ain't no "I" in "team", but you know there is a "(..)", and you can't spell "awesome" without "(..)", I promise that you'll never find another like (.. . .)" ME! - Lover
92%
" And it's really such a shame, it's such a shame, 'cause I was Miss "Here to stay", now I'm Miss "Gonna be alright someday", and someday maybe you'll miss me, but by then, you'll be Mr. "Too late" " Mr. Perfectly Fine (Taylor’s Version) [From the Vault] - Fearless (Taylor's Version)
89%
" I'm just another thing for you to roll your eyes at, honey, you might have him, but haven't you heard? I'm just another thing for you to roll your eyes at, honey, you might have him, but I always get the last word, whoa, whoa-ah-oh " Better Than Revenge (Taylor's Version) - Speak Now (Taylor's Version)
79%
" This is looking like a contest of who can act like they care less, but I liked it better when you were on my side, the battle's in your hands now, but I would lay my armor down if you said you'd rather love than fight, so many things that you wish I knew, but (... ..... .. ..) might be ending soon " The Story Of Us (Taylor's Version) - Speak Now (Taylor's Version)
76%
" And I've been meaning to tell you, I think your house is haunted, your dad is always mad and that must be why, and I think you should come live with me, and we can be pirates, then you won't have to cry, or hide in the closet, and just like a folk song, our love will be passed on " seven - folklore
72%
" A string that pulled me, out of all the wrong arms, right into that dive bar, something wrapped all of my past mistakes in barbed wire, chains around my demons, wool to brave the seasons, one single thread of gold tied me to you " invisible string - folklore
71%
" I reached for you, but you were gone, I knew I had to go back home, you searched the world for something else to make you feel like what we had, and in the end, in (..........), we both went mad " Wonderland - 1989
70%
" So please show me Hackney, doesn't have to be Louis V up on Bond Street, just wanna be with you, wanna be with you, stick with me, I'm your queen, like a Tennessee Stella McCartney on the Heath, just wanna be with you (Wanna be with you) Wanna be with you (Oh) " London Boy - Lover
68%
" You did a number on me, but, honestly, baby, who's counting? I did a number on you, but, honestly, baby, who's counting? You did a number on me, but, honestly, baby, who's counting? Who's counting? (One, two, three) " So It Goes - reputation
67%
" I'd kiss you as the lights went out, swaying as the room burned down, I'd hold you as the water rushes in, if I could dance with you again, I'd kiss you as the lights went out, swaying as the room burned down, I'd hold you as the water rushes in, if I could dance with you again (Again) " Dancing with Our Hands Tied - reputation
64%
" Like any great love, it keeps you guessing, like any real love, it's ever-changing, like any true love, it drives you crazy, but you know you wouldn't change anything, anything, anything " Welcome to New York - 1989
56%
" I remember the night at the hotelI was ridin' in the car when we both fell, I'm the one on the phone as you whisper, "Do you know how much I miss you?" " The Very First Night (Taylor’s Version) [From the Vault] - Red (Taylor's Version)
55%
" Were you waiting at our old spot, in the tree line, by the gold clock, did I leave you hanging every single day? Were you standing in the hallway, with a big cake, happy birthday, did I paint your bluest skies the darkest grey? A universe away, and when I got into the accident, the sight that flashed before me was your face, but when I walked up to the podium, I think that I forgot to say your name " coney island - evermore
48%
" You took the time to memorize me, my fears, my hopes, and dreams, I just like hanging out with you all the time, all those times that you didn't leave, it's been occurring to me, I'd like to hang out with you for my whole life " Stay Stay Stay (Taylor's Version) - Red (Taylor's Version)
44%
" And I'll scream out the window, I can't even look at you, I don't need you but I do, I do, I do, I say, "There's nothing you can say to make this right again, I mean it, I mean it" But what I mean is " The Other Side of the Door (Taylor’s Version) - Fearless (Taylor's Version)
31%
No matching quizzes found
Score Distribution
Percent of People with Each Score
Percentile by Number Answered
Your Score History
You have not taken this quiz since the last reset